MARC details
| 000 -LÍDER |
| campo de controle de tamanho fixo |
01693naa a22003857a 4500 |
| 001 - NÚMERO DE CONTROLE |
| campo de controle |
BR8401361 |
| 003 - IDENTIFICADOR DO NÚMERO DE CONTROLE |
| campo de controle |
BR-BrBNA |
| 005 - DATA E HORÁRIO DA ÚLTIMA TRANSAÇÃO |
| campo de controle |
20250721154434.0 |
| 007 - CAMPO FIXO DE DESCRIÇÃO FÍSICA--INFORMAÇÃO GERAL |
| campo de controle de tamanho fixo |
ta |
| 008 - CAMPO DE DADOS FIXOS--INFORMAÇÃO GERAL |
| campo de controle de tamanho fixo |
250630b bl.|||m| |||| 00| 0 por d |
| 040 ## - FONTE DA CATALOGAÇÃO |
| Instituição da catalogação original |
BR-BrBNA |
| Idioma da catalogação |
por |
| Instituição que transcreveu o registro |
Biblioteca Nacional de Agricultura |
| 041 ## - CÓDIGO DE IDIOMA |
| Código do idioma do texto/trilha sonora ou título diferente |
(Pt) |
| 072 ## - CÓDIGO DE CATEGORIA DE ASSUNTO |
| Código de Categoria de Assunto |
H10 |
| Código do objeto |
2120 |
| -- |
4050 |
| -- |
3879 |
| -- |
G514 |
| 090 ## - NÚMERO DE CHAMADA LOCAL |
| Número de chamada |
H10 BR8401361 |
| 100 1# - ENTRADA PRINCIPAL--NOME PESSOAL |
| Nome pessoal |
Ferraz, L.C.C.B. |
| 100 1# - ENTRADA PRINCIPAL--NOME PESSOAL |
| Nome pessoal |
Rocha, A.D. da |
| 100 1# - ENTRADA PRINCIPAL--NOME PESSOAL |
| Nome pessoal |
Brancalion, A.M. |
| 100 1# - ENTRADA PRINCIPAL--NOME PESSOAL |
| Nome pessoal |
Marconato, A.R. |
| 111 1# - ENTRADA PRINCIPAL--NOME DO EVENTO |
| Nome do evento ou lugar |
7. Reuniao Brasileira de Nematologia |
| Local do evento |
Brasilia, DF (Brazil) |
| Data do evento ou assinatura do tratado |
21-25 Feb 1983 |
| 245 1# - TÍTULO |
| Título |
Consideracoes sobre a viabilidade do controle de Meloidogyne incognita visando a recuperacao de cafezais infestados [nematoide, Coffea spp., nematicida, controle quimico, Sao Paulo, Brasil] |
| 246 1# - FORMA VARIANTE DO TÍTULO |
| Título/título abreviado |
On the viability of controlling Meloidogyne incognita for the recovery of infested coffee crops [nematode, Coffea spp., nematicide, chemical control, Sao Paulo, Brazil] |
| 246 1# - FORMA VARIANTE DO TÍTULO |
| Título/título abreviado |
[Works submitted to the 7. Brazilian Meeting on Nematology] |
| 490 ## - TÍTULO DA SÉRIE |
| Título da série |
Publicacao - Sociedade Brasileira de Nematologia (Brazil) |
| Número do volume ou designação sequencial da série |
no. 7 |
| ISSN - International Standard Serial Number |
ISSN 0101-7020 |
| 500 ## - NOTA GERAL |
| Nota geral |
Trabalhos apresentados a 7. Reuniao Brasileira de Nematologia<br/>Piracicaba, SP (Brasil): 1983. p. 117-123 [9 ref.; Summary (En)]<br/>(BR8401361-AMS)<br/> |
| 650 ## - ASSUNTO--TERMO TÓPICO |
| Cabeçalho tópico ou nome geográfico |
CAFE |
| 650 ## - ASSUNTO--TERMO TÓPICO |
| Cabeçalho tópico ou nome geográfico |
LAVOURA |
| 650 ## - ASSUNTO--TERMO TÓPICO |
| Cabeçalho tópico ou nome geográfico |
NEMATOIDE |
| 650 ## - ASSUNTO--TERMO TÓPICO |
| Cabeçalho tópico ou nome geográfico |
INFESTACAO |
| 650 ## - ASSUNTO--TERMO TÓPICO |
| Cabeçalho tópico ou nome geográfico |
NEMATICIDA |
| 650 ## - ASSUNTO--TERMO TÓPICO |
| Cabeçalho tópico ou nome geográfico |
CONTROLE QUIMICO |
| 650 ## - ASSUNTO--TERMO TÓPICO |
| Cabeçalho tópico ou nome geográfico |
SAO PAULO |
| 773 0# - ENTRADA ANALÍTICA |
| Título |
Trabalhos apresentados a 7. Reuniao Brasileira de Nematologia |
| Número de controle do registro |
H10 BR8401361 |
| Partes relacionadas |
Piracicaba, SP (Brasil), 1983. p. 117-123 |
| 942 ## - ELEMENTOS DE ENTRADA ADICIONADOS (KOHA) |
| Tipo de material Koha |
Analítica de Monografia Seriada |
| Fonte da classificação ou esquema de arquivamento na estante |
Classificação AGRIS |
| 909 ## - |
| -- |
202506 |
| -- |
Lúcia |
| -- |
55 |
| -- |
Lúcia Elande |